Normal view
MARC view
- Malaysia
Entry Geographic Name
001 - CONTROL NUMBER
- control field: 3752
003 - CONTROL NUMBER IDENTIFIER
- control field: OSt
005 - DATE AND TIME OF LATEST TRANSACTION
- control field: 20170512094908.0
008 - FIXED-LENGTH DATA ELEMENTS
- fixed length control field: 170512|| aca||aabn | a|a d
040 ## - CATALOGING SOURCE
- Original cataloging agency: OSt
- Transcribing agency: OSt
151 ## - HEADING--GEOGRAPHIC NAME
- Geographic name: Malaysia
- General subdivision: Law and legislation
670 ## - SOURCE DATA FOUND
- Source citation: Work cat.: (OSt)0: Mohamed Suffian bin Hashim, Tun, 1917-2000 3750, An introduction to the legal system of Malaysia /, 1988

PORTAL AKMAL
E-MEL JKDM
AKMAL2U
G-BAM
u-PUSTAKA